000 00263nam a2200097Ia 4500
008 240331s9999 xx 000 0 und d
082 _a297
_bZAK
100 _aZakariua,R
245 4 _aThe struggle within Islam :
_bthe conflict between religion and political
942 _cL
999 _c949
_d949